000 00916nas a2200301 4500
001 BR0402545
003 BR-BrBNA
005 20231205104603.0
007 ta
008 230509b bl.|||p| |||| 00| 00por d
040 _aBR-BrBNA
_bpor
_cBiblioteca Nacional de Agricultura
041 _a(Pt)
072 _aJ11
100 1 _aLouzada, M.I. de F.
100 1 _aSestari, I.
100 1 _aHeldwein, A.B.
100 1 _aBrackmann, A.
245 1 _aPré-resfriamento de maçã (Malus domestica Borkh.), cv. Fuji, em função da temperatura e velocidade do ar
650 _aMAÇÃ
650 _aTEMPERATURA
650 _aRESFRIAMENTO
650 _aVELOCIDADE
650 _aAR
650 _aARMAZENAMENTO DE ALIMENTO
773 0 _tRevista Brasileira de Fruticultura (Brazil)
_xISSN 0100-2945
_g(Dec 2003), v. 25(3) p. 555-556
_wBR0402545
909 _a202311
_bLúcia
_c55
_dLúcia Elande
942 _2AGRIS
_n0
_cANA
999 _c178847
_d178847